Παναγής Τσαλδάρης : (1867-1936)
Αποθηκεύτηκε σε:
| Κύριος συγγραφέας: | |
|---|---|
| Άλλοι συγγραφείς: | |
| Μορφή: | Βιβλίο |
| Γλώσσα: | Greek |
| Δημοσίευση: |
Αθήνα :
Ίδρυμα της Βουλής των Ελλήνων για τον Κοινοβουλευτισμό και τη Δημοκρατία,
2014
|
| Θέματα: | |
| Ετικέτες: |
Προσθήκη ετικέτας
Δεν υπάρχουν, Καταχωρήστε ετικέτα πρώτοι!
|
MARC
| LEADER | 00000cam a2200000 i 4500 | ||
|---|---|---|---|
| 001 | 1/60565 | ||
| 008 | 141128s2014 gr | ||| |||| ||gre|| | ||
| 020 | |a 9789606757860 | ||
| 035 | |l 10119894 | ||
| 040 | |a GR-MY-UA |b gre |e aacr | ||
| 041 | 0 | |a gre | |
| 082 | 0 | |a 320.9495 |2 (23) | |
| 100 | 1 | |a Βούρος, Γεώργιος, |d 1903-1961. | |
| 245 | 1 | 0 | |a Παναγής Τσαλδάρης : |b (1867-1936) / |c Γεώργιος Βούρος ; εισαγωγή Κωνσταντίνα Ε. Μπότσιου |
| 260 | |a Αθήνα : |b Ίδρυμα της Βουλής των Ελλήνων για τον Κοινοβουλευτισμό και τη Δημοκρατία, |c 2014 | ||
| 300 | |a 567 σ.; |c 25 εκ. | ||
| 600 | 1 | 0 | |a Τσαλδάρης, Παναγής, |d 1867-1936. |
| 651 | 0 | |a Greece |x Politics and government |y 1821- | |
| 651 | 0 | |a Greece |x History |y 1917-1944. | |
| 700 | 1 | |a Μπότσιου, Κωνσταντίνα Ε. |4 aui | |
| 852 | |a INST |b LESVOS |e 20141128 |h 320.9495 ΒΟΥ |p 005100055340 |q 005100055340 |t BK |y 0 | ||
| 901 | |a BIBL1-2014-3 | ||
| 909 | |a Λ |b 191111 | ||
| 970 | |a ΤΖΑΦΕΡΗ |b ΕΥΑΓΓΕΛΙΑ |z 2014/11/28 | ||